Central Library OPAC University of Rajshahi

শেকসপীয়ার রচনাবলী / (Record no. 4966)

MARC details
000 -LEADER
fixed length control field 01319nam a2200277 a 4500
001 - CONTROL NUMBER
control field 4966
003 - CONTROL NUMBER IDENTIFIER
rucl marc code BD-RjUL
005 - DATE AND TIME OF LATEST TRANSACTION
control field 20211208234002.0
008 - FIXED-LENGTH DATA ELEMENTS--GENERAL INFORMATION
fixed length control field 150704s2008 ii 000 0 ben d
020 ## - INTERNATIONAL STANDARD BOOK NUMBER
Terms of availability : IRs. 60.00 (V-2)
035 ## - SYSTEM CONTROL NUMBER
System control number (BD-RjUL)5002
040 ## - CATALOGING SOURCE
Original cataloging agency BD-RjUL
Language of cataloging eng
Transcribing agency BD-RjUL
Modifying agency BD-RjUL
041 ## - LANGUAGE CODE
Language code of text/sound track or separate title eng
082 ## - DEWEY DECIMAL CLASSIFICATION NUMBER
Classification number 822.33
Author mark and year SHA V-1-V-5 2008
Edition number 23
100 1# - MAIN ENTRY--PERSONAL NAME
Personal name শেকসপীয়র, উইলিয়াম.
9 (RLIN) 224189
245 ## - TITLE STATEMENT
Title শেকসপীয়ার রচনাবলী /
Statement of responsibility, etc. উইলিয়াম শেকসপীয়র ; ভূমিকা: অসিতকুমার বন্দ্যোপাধ্যায় ; অনুবাদ: সুধাংশুরঞ্জন ঘোষ
250 ## - EDITION STATEMENT
Edition statement ৬ষ্ঠ সং.
260 ## - PUBLICATION, DISTRIBUTION, ETC. (IMPRINT)
Place of publication, distribution, etc. কলকাতা :
Name of publisher, distributor, etc. তুলি-কলম,
Date of publication, distribution, etc. ২০০৮.
300 ## - PHYSICAL DESCRIPTION
Pagination খণ্ড ;
Size ২২ সেমি.
505 0# - FORMATTED CONTENTS NOTE
Formatted contents note খণ্ড ২ --
650 ## - SUBJECT ADDED ENTRY--TOPICAL TERM
Topical term or geographic name as entry element ইংরেজী নাটক
General subdivision রচনা সংগ্রহ
9 (RLIN) 224190
Topical term or geographic name as entry element English Drama
General subdivision Collected works
9 (RLIN) 224191
700 ## - ADDED ENTRY--PERSONAL NAME
Personal name বন্দ্যোপাধ্যায়, অসিতকুমার, ভূমিকাকার
Personal name ঘোষ, সুধাংশুরঞ্জন, অনুবাদক
942 ## - ADDED ENTRY ELEMENTS (KOHA)
Source of classification or shelving scheme Dewey Decimal Classification
Koha item type Books
Holdings
Lost status Source of classification or shelving scheme Damaged status Not for loan Collection code Permanent Location Current Location Shelving location Date acquired Source of acquisition Cost, normal purchase price Total Checkouts Full call number Date last seen Copy number Koha item type Date checked out
  Dewey Decimal Classification   Not For Loan Rare Books Central Library, University of Rajshahi Central Library, University of Rajshahi Rare Book Section 25/05/2011 Dhaka, Paragon Enterprises ltd. 60.00   BRA 822.33 SHS V-2 2008 04/07/2015 C-1 Rare Books  
  Dewey Decimal Classification     Non-fiction Central Library, University of Rajshahi Central Library, University of Rajshahi   25/05/2011 Dhaka, Paragon Enterprises ltd. 60.00 9 B 822.33 SHS V-2 2008 24/01/2022 C-2 Books 17/12/2021